[Event "First Saturday 09 July FM-B"]
[Site "?"]
[Date "2009.07.04"]
[Round "1.1"]
[White "Ellappen, Jenine"]
[Black "Mayer, Istvan"]
[Result "0-1"]
[WhiteElo "1894"]
[BlackElo "2184"]
[PlyCount "88"]
[EventDate "2009.07.04"]

1. e4 a6 2. d4 c5 3. c3 cxd4 4. cxd4 Nf6 5. Nc3 d5 6. exd5 Nxd5 7. Nf3 b5 8.
Be2 Bb7 9. a3 e6 10. O-O Be7 11. Re1 O-O 12. Bd3 Nd7 13. Bd2 Qb6 14. Nxd5 Bxd5
15. Be3 Qb7 16. Be2 f5 17. Qd2 Rad8 18. Rac1 Nf6 19. Bf4 Ne4 20. Qa5 Rc8 21.
Red1 g5 22. Be5 g4 23. Ne1 Bd8 24. Qb4 Bg5 25. Rxc8 Rxc8 26. Bd3 Be7 27. Qa5
Bg5 28. Qb4 Bc4 29. Bxc4 Rxc4 30. Qb3 Qd5 31. Qd3 Bh4 32. Bg3 Bf6 33. Nc2 Qd7
34. d5 exd5 35. Ne3 Rd4 36. Qb3 Rxd1+ 37. Nxd1 Qc6 38. h3 Nxg3 39. fxg3 Bd4+
40. Kh2 Qc4 41. Qxc4 dxc4 42. Nc3 Kf7 43. Nd5 Bxb2 44. Kg1 Bxa3 0-1

[Event "First Saturday 09 July FM-B"]
[Site "?"]
[Date "2009.07.04"]
[Round "1.1"]
[White "Lakat, Gyula"]
[Black "Boulahfa, Hicham"]
[Result "0-1"]
[WhiteElo "1970"]
[BlackElo "2022"]
[PlyCount "74"]
[EventDate "2009.07.04"]

1. d4 Nf6 2. c4 e6 3. Nf3 b6 4. g3 Bb7 5. Bg2 Be7 6. O-O O-O 7. Nc3 Ne4 8. Qd3
Nxc3 9. bxc3 f5 10. Ne1 Bxg2 11. Nxg2 Nc6 12. f4 Na5 13. Re1 Qc8 14. Be3 c5 15.
d5 Bf6 16. Bd2 Qa6 17. Ne3 Rae8 18. Rf1 g6 19. Rfb1 e5 20. Rb5 exf4 21. gxf4
Re4 22. a4 Rxf4 23. Kh1 Be5 24. Be1 Re4 25. Bf2 Re8 26. Rg1 Kh8 27. h3 Bf4 28.
Ng2 Bh6 29. Nh4 Be3 30. Nxg6+ hxg6 31. Bxe3 Rxe3 32. Qd2 Kh7 33. Qe1 Rxh3+ 34.
Kg2 Ree3 35. Rh1 Rxh1 36. Qxh1+ Kg7 37. Kf2 Re4 0-1

[Event "First Saturday 09 July FM-B"]
[Site "?"]
[Date "2009.07.04"]
[Round "1.1"]
[White "Griffiths, Ryan Rhys"]
[Black "Mezei, Csaba"]
[Result "0-1"]
[WhiteElo "2137"]
[BlackElo "2125"]
[PlyCount "42"]
[EventDate "2009.07.04"]

1. e4 c5 2. Nc3 d6 3. f4 Nc6 4. Nf3 Nf6 5. Bc4 e6 6. O-O a6 7. d3 b5 8. Bb3 Bb7
9. f5 exf5 10. Ng5 c4 11. dxc4 b4 12. c5 Ne5 13. Bf4 bxc3 14. Bxe5 dxe5 15.
Bxf7+ Ke7 16. Qe1 h6 17. Rd1 Qa5 18. b4 Qxb4 19. Ne6 Kxf7 20. exf5 Bxc5+ 21.
Kh1 Qg4 0-1

[Event "First Saturday 09 July FM-B"]
[Site "?"]
[Date "2009.07.05"]
[Round "1.2"]
[White "Mayer, Istvan"]
[Black "Mezei, Csaba"]
[Result "1-0"]
[WhiteElo "2184"]
[BlackElo "2125"]
[PlyCount "47"]
[EventDate "2009.07.04"]

1. e4 c5 2. Nf3 d6 3. c3 Nf6 4. Be2 g6 5. O-O Nxe4 6. Qa4+ Nc6 7. Qxe4 Bg7 8.
d4 d5 9. Qh4 cxd4 10. cxd4 O-O 11. Nc3 f6 12. Bh6 a6 13. Rac1 e6 14. Bd3 Bd7
15. Bxg7 Kxg7 16. Qg3 Nb4 17. Bb1 Rb8 18. Rfe1 Re8 19. h4 b5 20. Ne2 Rc8 21.
Nf4 Rxc1 22. Rxc1 Rg8 23. Rc7 e5 24. Ne6+ 1-0

[Event "First Saturday 09 July FM-B"]
[Site "?"]
[Date "2009.07.05"]
[Round "1.2"]
[White "Boulahfa, Hicham"]
[Black "Griffiths, Ryan Rhys"]
[Result "0-1"]
[WhiteElo "2022"]
[BlackElo "2137"]
[PlyCount "100"]
[EventDate "2009.07.04"]

1. e4 c5 2. Nc3 d6 3. Nf3 a6 4. a4 e6 5. d4 cxd4 6. Nxd4 Nf6 7. Be2 Be7 8. O-O
O-O 9. Be3 Nc6 10. f4 Qc7 11. Bf3 Nxd4 12. Bxd4 e5 13. fxe5 dxe5 14. Be3 Be6
15. Nd5 Bxd5 16. exd5 e4 17. Be2 Bc5 18. Bf2 b5 19. b3 b4 20. Kh1 Bxf2 21. Rxf2
Qe5 22. Bc4 Ng4 23. Qxg4 Qxa1+ 24. Rf1 Qe5 25. d6 Kh8 26. Rf5 Qa1+ 27. Rf1 Qe5
28. Rf5 Qxd6 29. Qxe4 Rfe8 30. Qh4 Ra7 31. h3 Rae7 32. Qf4 Qxf4 33. Rxf4 a5 34.
Rf5 Ra8 35. Bd5 g6 36. Rxf7 Rxf7 37. Bxf7 Kg7 38. Bc4 Kf6 39. Kh2 Ke5 40. Kg3
Kd4 41. Kg4 Kc3 42. Kg5 Kxc2 43. Kh6 Rc8 44. Be6 Rc3 45. Kxh7 Rxb3 46. g4 Rxh3+
47. Kxg6 b3 48. Bd5 Re3 49. Kf7 b2 50. Ba2 Rf3+ 0-1

[Event "First Saturday 09 July FM-B"]
[Site "?"]
[Date "2009.07.05"]
[Round "1.2"]
[White "Ellappen, Jenine"]
[Black "Lakat, Gyula"]
[Result "1/2-1/2"]
[WhiteElo "1894"]
[BlackElo "1970"]
[PlyCount "123"]
[EventDate "2009.07.04"]

1. e4 c5 2. Nf3 Nc6 3. d4 cxd4 4. Nxd4 Nf6 5. Nc3 e5 6. Ndb5 d6 7. Bg5 a6 8.
Na3 b5 9. Bxf6 gxf6 10. Nd5 f5 11. Bd3 f4 12. O-O h5 13. Be2 Ra7 14. Kh1 Qg5
15. c4 b4 16. Nc2 a5 17. b3 f5 18. exf5 Bxf5 19. a3 Bxc2 20. Qxc2 Nd4 21. Qd3
bxa3 22. Rxa3 Be7 23. Rfa1 Bd8 24. b4 Rg7 25. Bf3 Nxf3 26. Qxf3 axb4 27. Nxb4
O-O 28. Ra7 Rxa7 29. Rxa7 Qf5 30. Qd5+ Kh8 31. Ra1 Qg6 32. f3 Rg8 33. Qd2 Ba5
34. Rg1 Rb8 35. Qd3 Qxd3 36. Nxd3 Rb3 37. Rd1 Bb6 38. h3 Kg7 39. c5 Rxd3 40.
Rxd3 Bxc5 41. h4 Kf6 42. Kh2 Ke6 43. g3 Bf2 44. gxf4 exf4 45. Kg2 Bxh4 46. Kf1
Bg3 47. Ke2 h4 48. Rd1 Ke5 49. Kd3 h3 50. Ke2 d5 51. Kd3 h2 52. Ke2 d4 53. Rh1
Kd5 54. Kd3 Ke5 55. Kc4 Kf5 56. Kxd4 Bf2+ 57. Kd3 Bg1 58. Ke2 Kg5 59. Kf1 Kh5
60. Kg2 Kh4 61. Rxh2+ Bxh2 62. Kxh2 1/2-1/2

[Event "First Saturday 09 July FM-B"]
[Site "?"]
[Date "2009.07.06"]
[Round "1.3"]
[White "Lakat, Gyula"]
[Black "Mayer, Istvan"]
[Result "1/2-1/2"]
[WhiteElo "1970"]
[BlackElo "2184"]
[PlyCount "28"]
[EventDate "2009.07.04"]

1. e4 e6 2. d4 d5 3. e5 c5 4. c3 Nc6 5. Nf3 Qb6 6. a3 cxd4 7. cxd4 Bd7 8. Nc3
Be7 9. Be2 f6 10. exf6 Nxf6 11. O-O Bd6 12. Nb5 Bb8 13. b4 a6 14. Nc3 Ne4
1/2-1/2

[Event "First Saturday 09 July FM-B"]
[Site "?"]
[Date "2009.07.06"]
[Round "1.3"]
[White "Griffiths, Ryan Rhys"]
[Black "Ellappen, Jenine"]
[Result "1/2-1/2"]
[WhiteElo "2137"]
[BlackElo "1894"]
[PlyCount "71"]
[EventDate "2009.07.04"]

1. e4 c5 2. Nf3 Nc6 3. d4 cxd4 4. Nxd4 Nf6 5. Nc3 e5 6. Nde2 Bc5 7. Ng3 d6 8.
Be2 O-O 9. O-O Be6 10. Bg5 h6 11. Bxf6 Qxf6 12. Nd5 Qd8 13. c3 Ne7 14. a4 a6
15. Qd2 Bxd5 16. exd5 f5 17. b4 Ba7 18. a5 Ng6 19. Kh1 Nf4 20. c4 Kh8 21. Rac1
Rc8 22. c5 dxc5 23. d6 Qd7 24. Rfd1 c4 25. Bxc4 Bd4 26. Bd3 Rxc1 27. Rxc1 Nxd3
28. Qxd3 Qxd6 29. Nxf5 Qg6 30. g4 Qxg4 31. Nd6 Qf3+ 32. Qxf3 Rxf3 33. Nxb7 Rb3
34. Rc4 Bxf2 35. Kg2 Be1 36. Rc6 1/2-1/2

[Event "First Saturday 09 July FM-B"]
[Site "?"]
[Date "2009.07.06"]
[Round "1.3"]
[White "Mezei, Csaba"]
[Black "Boulahfa, Hicham"]
[Result "1/2-1/2"]
[WhiteElo "2125"]
[BlackElo "2022"]
[PlyCount "108"]
[EventDate "2009.07.04"]

1. d4 Nf6 2. e3 b6 3. f4 e6 4. Bd3 Ba6 5. Nf3 c5 6. c3 Bxd3 7. Qxd3 Be7 8. Nbd2
Nc6 9. Ne5 Qc7 10. O-O d6 11. Nef3 O-O 12. Ne4 Nxe4 13. Qxe4 d5 14. Qd3 c4 15.
Qe2 f5 16. b3 Na5 17. b4 Nb7 18. a4 a6 19. Kh1 b5 20. a5 Nd6 21. Nd2 Rf6 22.
Nf3 Raf8 23. Bd2 Rh6 24. Be1 Ne4 25. Rc1 g5 26. Nd2 Nf6 27. Kg1 Bd6 28. Bg3 Nh5
29. Qf3 g4 30. Qe2 Be7 31. Be1 Qd8 32. g3 Nf6 33. Rf2 Rh3 34. Rg2 Kf7 35. Bf2
Rh8 36. Kf1 h5 37. Ke1 Ke8 38. Kd1 Kd7 39. Kc2 Kc6 40. Rb1 h4 41. Rbg1 Qf8 42.
Rb1 hxg3 43. hxg3 Rh1 44. Bg1 R8h3 45. Qf2 Bd8 46. Ra1 Be7 47. Rb1 Nd7 48. Qe2
Kc7 49. Nf1 Kd8 50. Nd2 Ke8 51. Nf1 Kf7 52. Kd1 Nf6 53. Nd2 Rh8 54. Kc2 Bd6
1/2-1/2

[Event "First Saturday 09 July FM-B"]
[Site "?"]
[Date "2009.07.07"]
[Round "1.4"]
[White "Mayer, Istvan"]
[Black "Boulahfa, Hicham"]
[Result "1-0"]
[WhiteElo "2184"]
[BlackElo "2022"]
[PlyCount "53"]
[EventDate "2009.07.04"]

1. e4 c5 2. f4 e6 3. Nf3 Nc6 4. Nc3 a6 5. a4 Nge7 6. d4 cxd4 7. Nxd4 Nxd4 8.
Qxd4 Nc6 9. Qf2 Bb4 10. Bd2 d6 11. Bd3 b6 12. O-O Bc5 13. Be3 Bxe3 14. Qxe3 O-O
15. Rad1 Qc7 16. f5 Ne5 17. Kh1 Qc5 18. Qh3 f6 19. fxe6 Re8 20. Qg3 Kh8 21. e7
Be6 22. Ne2 Rxe7 23. Nf4 Bf7 24. c3 b5 25. Bc2 Rae8 26. Nd5 Rb8 27. Nxe7 1-0

[Event "First Saturday 09 July FM-B"]
[Site "?"]
[Date "2009.07.07"]
[Round "1.4"]
[White "Ellappen, Jenine"]
[Black "Mezei, Csaba"]
[Result "0-1"]
[WhiteElo "1894"]
[BlackElo "2125"]
[PlyCount "103"]
[EventDate "2009.07.04"]

1. e4 c5 2. Nf3 d6 3. d4 cxd4 4. Nxd4 Nf6 5. Nc3 g6 6. Be3 Bg7 7. f3 Nc6 8. Qd2
Bd7 9. Bc4 Rc8 10. Bb3 Ne5 11. O-O-O Nc4 12. Bxc4 Rxc4 13. Kb1 O-O 14. g4 b5
15. h4 h5 16. gxh5 Nxh5 17. Nce2 Qc7 18. Rc1 a5 19. Bh6 Rc8 20. Bxg7 Kxg7 21.
Rhg1 e5 22. Nf5+ Bxf5 23. exf5 Rxh4 24. Nc3 b4 25. Ne4 Rh8 26. Ng5 Qe7 27. Rcd1
Nf4 28. fxg6 Nxg6 29. Qxd6 Qxd6 30. Rxd6 Rh1 31. Rgd1 Rxd1+ 32. Rxd1 f5 33.
Ne6+ Kf6 34. Nc5 Rh3 35. Rf1 Nh4 36. f4 exf4 37. Kc1 f3 38. Kd2 Rh2+ 39. Kd3
Kg5 40. Ne6+ Kg4 41. Nd4 f4 42. Ke4 Kg3 43. c4 Rxb2 44. c5 Re2+ 45. Kd3 Re3+
46. Kd2 Rc3 47. a3 Kg2 48. Rb1 Rxc5 49. axb4 axb4 50. Ne6 Rd5+ 51. Kc2 Ng6 52.
Rxb4 0-1

[Event "First Saturday 09 July FM-B"]
[Site "?"]
[Date "2009.07.07"]
[Round "1.4"]
[White "Lakat, Gyula"]
[Black "Griffiths, Ryan Rhys"]
[Result "0-1"]
[WhiteElo "1970"]
[BlackElo "2137"]
[PlyCount "60"]
[EventDate "2009.07.04"]

1. c4 c5 2. g3 Nc6 3. Bg2 g6 4. Nc3 Bg7 5. d3 e5 6. Qa4 Nge7 7. h4 h5 8. Ne4 d6
9. Bg5 Kf8 10. Nf6 Bh6 11. Nh3 Bxg5 12. hxg5 Be6 13. O-O-O a6 14. f4 Kg7 15.
Nf2 b5 16. Qc2 Rb8 17. b3 bxc4 18. dxc4 Nd4 19. Rxd4 exd4 20. g4 hxg4 21. Rxh8
Qxh8 22. N2xg4 Bxg4 23. Nxg4 Qh4 24. Bf3 Nf5 25. Qd2 Re8 26. Kb2 Ne3 27. Nf6
Rb8 28. Ka3 Qxf4 29. Ne4 Rb4 30. Qd3 Nxc4+ 0-1

[Event "First Saturday 09 July FM-B"]
[Site "?"]
[Date "2009.07.08"]
[Round "1.5"]
[White "Griffiths, Ryan Rhys"]
[Black "Mayer, Istvan"]
[Result "1-0"]
[WhiteElo "2137"]
[BlackElo "2184"]
[PlyCount "61"]
[EventDate "2009.07.04"]

1. e4 e5 2. Nf3 Nc6 3. d4 exd4 4. Nxd4 Bc5 5. Nxc6 bxc6 6. Bd3 d6 7. O-O Qf6 8.
Nc3 Ne7 9. Na4 Bb6 10. Nxb6 axb6 11. a4 O-O 12. Kh1 Qh4 13. f4 f5 14. Qe1 Qxe1
15. Rxe1 fxe4 16. Bxe4 Bf5 17. Bd2 d5 18. Bf3 Kf7 19. c4 dxc4 20. Bb4 c5 21.
Bc3 Rae8 22. Re5 Bd7 23. a5 Nc6 24. Bd5+ Re6 25. Rxe6 Bxe6 26. Bxc6 bxa5 27.
Rxa5 Rd8 28. Ra1 g6 29. Kg1 h5 30. Bf3 Rd7 31. Ra5 1-0

[Event "First Saturday 09 July FM-B"]
[Site "?"]
[Date "2009.07.08"]
[Round "1.5"]
[White "Mezei, Csaba"]
[Black "Lakat, Gyula"]
[Result "1-0"]
[WhiteElo "2125"]
[BlackElo "1970"]
[PlyCount "159"]
[EventDate "2009.07.04"]

1. e4 c5 2. Nf3 Nc6 3. d4 cxd4 4. Nxd4 Nf6 5. Nc3 e5 6. Ndb5 d6 7. Bg5 a6 8.
Na3 b5 9. Nd5 Be7 10. Bxf6 Bxf6 11. c3 Bg5 12. Nc2 O-O 13. a4 Rb8 14. axb5 axb5
15. h4 Bh6 16. g4 Bf4 17. g5 Ne7 18. Ncb4 Bb7 19. Ra7 Nxd5 20. Nxd5 Bxd5 21.
Qxd5 Qb6 22. Ra1 Kh8 23. Rd1 f5 24. Qxd6 fxe4 25. Qxb6 Rxb6 26. Ke2 b4 27. c4
b3 28. Rh3 g6 29. Bg2 Rc8 30. Rc3 Rb4 31. c5 Rc6 32. Rd6 Rc7 33. Rb6 Rd4 34.
Rbxb3 Rd2+ 35. Ke1 Rd5 36. Rc2 Rdxc5 37. Rxc5 Rxc5 38. Bxe4 Rc4 39. Bd5 Rc8 40.
Rb7 Rd8 41. Rb5 h6 42. gxh6 Kh7 43. Be4 Kxh6 44. Rb6 Kh5 45. Ke2 Kxh4 46. Bxg6
Kg4 47. Bd3 Bc1 48. b4 Bb2 49. b5 Bd4 50. Rg6+ Kh5 51. Rg2 Rd6 52. Be4 Rf6 53.
f3 Rb6 54. Bc6 Rb8 55. Kd3 Rf8 56. Kc4 Rd8 57. Rg4 Bb6 58. Rg7 Rd4+ 59. Kc3
Ba5+ 60. Kc2 Rb4 61. Re7 Rc4+ 62. Kd3 Rc5 63. Ke4 Bc3 64. Kf5 Kh4 65. Ke6 Bd4
66. Kd7 Kg5 67. Kc7 Kf6 68. Rd7 Rc2 69. b6 Rb2 70. b7 Ba7 71. Rd8 Bb6+ 72. Kc8
Ba7 73. Rh8 Ke7 74. Be4 Rb5 75. Rh7+ Ke6 76. Rh6+ Ke7 77. Ra6 Rc5+ 78. Bc6 Kd6
79. Rxa7 Rxc6+ 80. Kb8 1-0

[Event "First Saturday 09 July FM-B"]
[Site "?"]
[Date "2009.07.08"]
[Round "1.5"]
[White "Boulahfa, Hicham"]
[Black "Ellappen, Jenine"]
[Result "1/2-1/2"]
[WhiteElo "2022"]
[BlackElo "1894"]
[PlyCount "69"]
[EventDate "2009.07.04"]

1. e4 c5 2. Nf3 Nc6 3. d4 cxd4 4. Nxd4 Nf6 5. Nc3 e5 6. Ndb5 d6 7. Bg5 a6 8.
Na3 b5 9. Bxf6 gxf6 10. Nd5 f5 11. c3 Bg7 12. exf5 Bxf5 13. Nc2 O-O 14. Nce3
Be6 15. Bd3 f5 16. O-O Ra7 17. a4 Ne7 18. Nxe7+ Rxe7 19. axb5 axb5 20. Bxb5 d5
21. Ra6 f4 22. Rxe6 Rxe6 23. Qxd5 Qxd5 24. Nxd5 Kh8 25. b4 e4 26. f3 e3 27. Rc1
h5 28. Kf1 h4 29. h3 Rd6 30. Bc4 Be5 31. Bb3 Ra8 32. b5 Ra3 33. Bc4 Ra4 34. Bb3
Ra3 35. Bc4 1/2-1/2

[Event "First Saturday 09 July FM-B"]
[Site "?"]
[Date "2009.07.09"]
[Round "2.1"]
[White "Mayer, Istvan"]
[Black "Ellappen, Jenine"]
[Result "1/2-1/2"]
[WhiteElo "2184"]
[BlackElo "1894"]
[PlyCount "49"]
[EventDate "2009.07.04"]

1. e4 c5 2. Nf3 Nc6 3. Nc3 Nf6 4. h3 d6 5. d4 cxd4 6. Nxd4 Bd7 7. Bb5 a6 8. Bc4
g6 9. O-O Bg7 10. Be3 O-O 11. Re1 Rc8 12. Bf1 Qc7 13. Nf3 Na5 14. Bd4 Nc6 15.
Nd5 Qb8 16. Bxf6 exf6 17. Nd4 Rfe8 18. c3 b5 19. Qf3 Nxd4 20. cxd4 Bc6 21. Nb4
Qb6 22. a4 a5 23. Nxc6 Qxc6 24. Qd3 Rb8 25. d5 1/2-1/2

[Event "First Saturday 09 July FM-B"]
[Site "?"]
[Date "2009.07.09"]
[Round "2.1"]
[White "Boulahfa, Hicham"]
[Black "Lakat, Gyula"]
[Result "0-1"]
[WhiteElo "2022"]
[BlackElo "1970"]
[PlyCount "64"]
[EventDate "2009.07.04"]

1. c3 Nf6 2. Nf3 d6 3. d4 g6 4. h4 h5 5. Bg5 Bg7 6. Nbd2 Bf5 7. Bxf6 exf6 8. e4
Bg4 9. Qb3 Qc8 10. Bc4 O-O 11. O-O-O Nc6 12. Qc2 Na5 13. Bd3 c5 14. Rde1 c4 15.
Qa4 cxd3 16. Qxa5 Bh6 17. Qb5 Qc6 18. Qxd3 d5 19. Nh2 Be6 20. f3 dxe4 21. fxe4
Bxa2 22. g4 Bc4 23. Qg3 Bxd2+ 24. Kxd2 Qb5 25. b4 a5 26. gxh5 Qxh5 27. Qg4 Qh6+
28. Kc2 axb4 29. Nf3 Ra2+ 30. Kb1 Rfa8 31. Ng5 Ra1+ 32. Kc2 R8a2# 0-1

[Event "First Saturday 09 July FM-B"]
[Site "?"]
[Date "2009.07.09"]
[Round "2.1"]
[White "Mezei, Csaba"]
[Black "Griffiths, Ryan Rhys"]
[Result "0-1"]
[WhiteElo "2125"]
[BlackElo "2137"]
[PlyCount "38"]
[EventDate "2009.07.04"]

1. d4 Nf6 2. e3 d5 3. Bd3 Nc6 4. c3 e5 5. Nd2 Bd6 6. Bb5 O-O 7. Bxc6 bxc6 8.
dxe5 Bxe5 9. Ngf3 Bd6 10. O-O Re8 11. Re1 Ne4 12. Nxe4 dxe4 13. Nd2 Qh4 14. Nf1
Ba6 15. Ng3 Re6 16. Nf1 Bxh2+ 17. Nxh2 Rh6 18. f3 Qxh2+ 19. Kf2 Rg6 0-1

[Event "First Saturday 09 July FM-B"]
[Site "?"]
[Date "2009.07.10"]
[Round "2.2"]
[White "Mezei, Csaba"]
[Black "Mayer, Istvan"]
[Result "0-1"]
[WhiteElo "2125"]
[BlackElo "2184"]
[PlyCount "70"]
[EventDate "2009.07.04"]

1. d4 g6 2. e3 Bg7 3. f4 Nf6 4. Nf3 O-O 5. Bd3 c5 6. c3 cxd4 7. exd4 d6 8. O-O
Nc6 9. Bb5 Qb6 10. Qe2 e5 11. Bxc6 bxc6 12. Rd1 e4 13. Ng5 Bg4 14. Qe1 h6 15.
Nh3 Bxd1 16. Qxd1 c5 17. dxc5 dxc5 18. Qe2 Nd5 19. Nd2 c4+ 20. Kh1 Rac8 21. Nf1
Nxc3 22. bxc3 Bxc3 23. Be3 Qb2 24. Re1 Rfd8 25. Kg1 Rb8 26. Qxb2 Bxb2 27. Nf2
f5 28. Bc1 c3 29. g4 c2 30. Kg2 Bxc1 31. Rxc1 Rb2 32. a4 Rc8 33. Ne3 Rc3 34.
Nd5 Rd3 35. Nb4 Rd2 0-1

[Event "First Saturday 09 July FM-B"]
[Site "?"]
[Date "2009.07.10"]
[Round "2.2"]
[White "Griffiths, Ryan Rhys"]
[Black "Boulahfa, Hicham"]
[Result "0-1"]
[WhiteElo "2137"]
[BlackElo "2022"]
[PlyCount "98"]
[EventDate "2009.07.04"]

1. e4 c5 2. Nc3 Nc6 3. Bb5 Nd4 4. Bc4 e6 5. Nge2 g6 6. d3 Bg7 7. O-O Ne7 8.
Nxd4 cxd4 9. Ne2 O-O 10. Bd2 Nc6 11. b4 Ne5 12. Bb3 Qh4 13. Be1 Qf6 14. h3 d6
15. f4 Nc6 16. b5 Nb8 17. Bf2 e5 18. fxe5 dxe5 19. Bxd4 Qg5 20. Bc5 Bxh3 21.
Rf2 Rc8 22. Be7 Qxe7 23. Rxf7 Qc5+ 24. d4 Qb4 25. Qe1 Qxe1+ 26. Rxe1 Bg4 27.
Bd5 Kh8 28. Bxb7 Nd7 29. Bxa8 Rxa8 30. d5 Kg8 31. Rf2 Bf8 32. Kh2 Rc8 33. Nc1
Bc5 34. Rff1 Bb4 35. Re3 Rxc2 36. Nd3 Ba5 37. Rf2 Rc3 38. Rb2 Nc5 39. Nxe5 Bc7
40. Rxc3 Bxe5+ 41. g3 Bxc3 42. b6 axb6 43. Rxb6 Nxe4 44. a4 Be5 45. a5 Bf3 46.
Rb3 Bxg3+ 47. Kh3 Bd6 48. Rb6 g5 49. Rb2 Bg3 0-1

[Event "First Saturday 09 July FM-B"]
[Site "?"]
[Date "2009.07.10"]
[Round "2.2"]
[White "Lakat, Gyula"]
[Black "Ellappen, Jenine"]
[Result "1-0"]
[WhiteElo "1970"]
[BlackElo "1894"]
[PlyCount "55"]
[EventDate "2009.07.04"]

1. e4 c5 2. Nf3 Nc6 3. d4 cxd4 4. Nxd4 Nf6 5. Nc3 e5 6. Ndb5 d6 7. Nd5 Nxd5 8.
exd5 Nb8 9. c4 Be7 10. Be3 a6 11. Nc3 O-O 12. g4 f5 13. gxf5 Bxf5 14. Bd3 Bxd3
15. Qxd3 Bg5 16. O-O-O Nd7 17. Ne4 Bxe3+ 18. fxe3 Nf6 19. Ng5 Qa5 20. Kb1 Rac8
21. Rhf1 g6 22. e4 Qb4 23. b3 Nh5 24. Qh3 Rce8 25. Qd7 Nf6 26. Rxf6 Rxf6 27.
Qxe8+ Rf8 28. Qe7 1-0

[Event "First Saturday 09 July FM-B"]
[Site "?"]
[Date "2009.07.11"]
[Round "2.3"]
[White "Mayer, Istvan"]
[Black "Lakat, Gyula"]
[Result "1/2-1/2"]
[WhiteElo "2184"]
[BlackElo "1970"]
[PlyCount "36"]
[EventDate "2009.07.04"]

1. e4 d6 2. d4 g6 3. Bc4 Bg7 4. c3 Nf6 5. Nd2 O-O 6. Bb3 Nbd7 7. Ne2 e5 8. O-O
Ne8 9. dxe5 dxe5 10. Qe1 Qe7 11. Kh1 Nd6 12. f4 exf4 13. Nxf4 Ne5 14. Nf3 Nxf3
15. gxf3 c6 16. Qg3 Bd7 17. Be3 a5 18. Rad1 a4 1/2-1/2

[Event "First Saturday 09 July FM-B"]
[Site "?"]
[Date "2009.07.11"]
[Round "2.3"]
[White "Ellappen, Jenine"]
[Black "Griffiths, Ryan Rhys"]
[Result "1-0"]
[WhiteElo "1894"]
[BlackElo "2137"]
[PlyCount "107"]
[EventDate "2009.07.04"]

1. e4 c5 2. Nf3 d6 3. d4 Nf6 4. Bb5+ Bd7 5. Bxd7+ Qxd7 6. Nc3 cxd4 7. Nxd4 Nc6
8. O-O g6 9. h3 Bg7 10. Be3 O-O 11. Qd2 a6 12. f3 Qc7 13. Nxc6 bxc6 14. Kh1
Rab8 15. b3 Nh5 16. Rfe1 Be5 17. Rad1 f5 18. Bd4 Bg3 19. Bf2 Bxf2 20. Qxf2 Qa5
21. Qd2 f4 22. Qd4 Rb4 23. Qd3 Ng3+ 24. Kh2 Qc5 25. Rd2 e5 26. Na4 Qa5 27. c3
Rbb8 28. Qc4+ d5 29. exd5 e4 30. dxc6+ Kg7 31. Rd7+ Kh6 32. Qd4 Qf5 33. Qg7+
Kg5 34. fxe4 Qe6 35. Qe7+ Qxe7 36. Rxe7 Rbe8 37. Rxe8 Rxe8 38. Nc5 Rc8 39. Rd1
Rxc6 40. Rd5+ Kh4 41. b4 Rf6 42. Rd3 g5 43. e5 Rf5 44. Nd7 g4 45. hxg4 Kxg4 46.
Nf6+ Kh4 47. Rd5 Nf1+ 48. Kg1 Ne3 49. Rd4 Kg3 50. Ne4+ Kg4 51. e6 Re5 52. Nc5
Kg3 53. Nd3 Rxe6 54. Nxf4 1-0

[Event "First Saturday 09 July FM-B"]
[Site "?"]
[Date "2009.07.11"]
[Round "2.3"]
[White "Boulahfa, Hicham"]
[Black "Mezei, Csaba"]
[Result "1-0"]
[WhiteElo "2022"]
[BlackElo "2125"]
[PlyCount "45"]
[EventDate "2009.07.04"]

1. e4 c5 2. Nf3 d6 3. d4 cxd4 4. Nxd4 Nf6 5. Nc3 g6 6. Be3 Bg7 7. f3 Nc6 8. Qd2
Bd7 9. Bc4 Rc8 10. Bb3 O-O 11. O-O-O Ne5 12. Kb1 Nc4 13. Bxc4 Rxc4 14. g4 b5
15. b3 Rc5 16. Ne6 fxe6 17. Bxc5 dxc5 18. e5 b4 19. exf6 bxc3 20. Qxd7 Qxd7 21.
Rxd7 Bxf6 22. Rxa7 Kf7 23. a4 1-0

[Event "First Saturday 09 July FM-B"]
[Site "?"]
[Date "2009.07.12"]
[Round "2.4"]
[White "Boulahfa, Hicham"]
[Black "Mayer, Istvan"]
[Result "0-1"]
[WhiteElo "2022"]
[BlackElo "2184"]
[PlyCount "70"]
[EventDate "2009.07.04"]

1. e4 e6 2. d4 d5 3. Nc3 Bb4 4. e5 c5 5. a3 Ba5 6. b4 cxd4 7. Nb5 Bc7 8. Nf3
Nc6 9. Bb2 Nxe5 10. Bxd4 Nxf3+ 11. Qxf3 f6 12. Bd3 Nh6 13. Qh5+ Nf7 14. O-O g6
15. Qe2 Be5 16. Rad1 a6 17. Bxe5 fxe5 18. Nc3 Qf6 19. Qd2 O-O 20. Na4 b5 21.
Nc5 Nd6 22. a4 e4 23. Be2 Ra7 24. Ra1 Raf7 25. axb5 axb5 26. Ra5 Qe5 27. Bxb5
Nxb5 28. Rxb5 e3 29. Qc1 Rxf2 30. Re1 Rxg2+ 31. Kxg2 Rf2+ 32. Kh3 Qxh2+ 33. Kg4
e5+ 34. Nd7 Bxd7+ 35. Kg5 Qf4# 0-1

[Event "First Saturday 09 July FM-B"]
[Site "?"]
[Date "2009.07.12"]
[Round "2.4"]
[White "Mezei, Csaba"]
[Black "Ellappen, Jenine"]
[Result "1-0"]
[WhiteElo "2125"]
[BlackElo "1894"]
[PlyCount "119"]
[EventDate "2009.07.04"]

1. e4 c5 2. Nc3 Nc6 3. Bb5 Nd4 4. Bc4 g6 5. Nge2 Bg7 6. a4 e6 7. Nxd4 cxd4 8.
Ne2 Ne7 9. O-O d5 10. exd5 Nxd5 11. d3 O-O 12. Nf4 Ne7 13. b4 a6 14. Bd2 Bd7
15. b5 axb5 16. axb5 Qb6 17. Bb4 Rxa1 18. Qxa1 Bf6 19. Qa3 Re8 20. Ne2 Nf5 21.
Ng3 Be7 22. Ne4 Kg7 23. Ra1 Bxb4 24. Qxb4 e5 25. Qc5 Qxc5 26. Nxc5 Bc8 27. Ra2
Nd6 28. b6 Kf8 29. f3 h5 30. Bd5 Re7 31. Kf2 f6 32. Ra8 Kg7 33. h4 f5 34. g3
Kf6 35. Rb8 Rg7 36. f4 Re7 37. Ra8 Rg7 38. Ra1 exf4 39. gxf4 Re7 40. Re1 Rxe1
41. Kxe1 Ke7 42. Kd2 Kf6 43. Nb3 Be6 44. Bxe6 Kxe6 45. Nxd4+ Kd5 46. Nf3 Nc8
47. Ne5 Nxb6 48. Ke3 Kd6 49. c4 Nc8 50. Nxg6 b6 51. Kd4 Na7 52. Ne5 Nc8 53. Kc3
Na7 54. Kb4 Kc7 55. Nf3 Kd6 56. Nd4 Nc6+ 57. Nxc6 Kxc6 58. d4 Kd6 59. Kb5 Kc7
60. c5 1-0

[Event "First Saturday 09 July FM-B"]
[Site "?"]
[Date "2009.07.12"]
[Round "2.4"]
[White "Griffiths, Ryan Rhys"]
[Black "Lakat, Gyula"]
[Result "1-0"]
[WhiteElo "2137"]
[BlackElo "1970"]
[PlyCount "107"]
[EventDate "2009.07.04"]

1. e4 c5 2. Nf3 d6 3. d4 cxd4 4. Nxd4 Nf6 5. Nc3 a6 6. Bg5 Nc6 7. f4 Qb6 8.
Bxf6 gxf6 9. Nb3 Qe3+ 10. Qe2 Qxe2+ 11. Bxe2 e6 12. O-O-O b5 13. a3 Bb7 14.
Rhf1 Be7 15. f5 O-O 16. Bg4 Ne5 17. Bh3 Nc4 18. Rd3 e5 19. Re1 Rac8 20. Nd2 Nb6
21. Nf1 Rc7 22. g3 Rfc8 23. Re2 Rc5 24. Bg2 a5 25. Ne3 Bf8 26. Ned5 Nd7 27. b4
axb4 28. axb4 R5c6 29. Kd1 Ra8 30. Ke1 Ra3 31. Nxb5 Rxd3 32. cxd3 Ba6 33. Nbc3
Bxd3 34. Rb2 Rc8 35. Bf1 Bxf1 36. Kxf1 Rb8 37. b5 Bh6 38. Ke2 Bc1 39. Ra2 Kf8
40. Kd1 Bh6 41. Ra6 Ke8 42. Rxd6 Bg7 43. b6 Kd8 44. Rc6 Rc8 45. Rc7 Bf8 46. Nb5
Nxb6 47. Nxb6 Rxc7 48. Nxc7 Kxc7 49. Nd5+ Kd6 50. Nxf6 Be7 51. Nxh7 f6 52. g4
Kd7 53. h4 Ke8 54. g5 1-0

[Event "First Saturday 09 July FM-B"]
[Site "?"]
[Date "2009.07.13"]
[Round "2.5"]
[White "Mayer, Istvan"]
[Black "Griffiths, Ryan Rhys"]
[Result "1-0"]
[WhiteElo "2184"]
[BlackElo "2137"]
[PlyCount "45"]
[EventDate "2009.07.04"]

1. e4 c5 2. Nf3 d6 3. Bc4 Nf6 4. Nc3 a6 5. d4 cxd4 6. Qxd4 Nc6 7. Qd2 e6 8. O-O
Be7 9. a4 O-O 10. Rd1 Qc7 11. Qf4 Ne5 12. Bb3 Bd7 13. Nd4 Nc4 14. Qg3 Rfd8 15.
Bh6 Bf8 16. Bg5 Be7 17. Nf5 Kf8 18. Nxg7 Kxg7 19. Bxf6+ Kxf6 20. Bxc4 Qxc4 21.
Rd3 Bf8 22. Qh4+ Kg7 23. Rg3+ 1-0

[Event "First Saturday 09 July FM-B"]
[Site "?"]
[Date "2009.07.13"]
[Round "2.5"]
[White "Lakat, Gyula"]
[Black "Mezei, Csaba"]
[Result "1/2-1/2"]
[WhiteElo "1970"]
[BlackElo "2125"]
[PlyCount "40"]
[EventDate "2009.07.04"]

1. d4 d5 2. Nf3 e6 3. g3 c5 4. e3 Nc6 5. c3 Nf6 6. Bg2 Ne4 7. O-O f5 8. Ne1 Nf6
9. b3 Bd6 10. Ba3 Qe7 11. Nd2 cxd4 12. Bxd6 Qxd6 13. cxd4 O-O 14. Nd3 Bd7 15.
Qc1 Rac8 16. Qb2 Ne4 17. Rfd1 b6 18. f3 Nxd2 19. Rxd2 Nb4 20. Nxb4 Qxb4 1/2-1/2